| 000 | 00416nam a2200145Ia 4500 | ||
|---|---|---|---|
| 003 | OSt | ||
| 005 | 20260123161041.0 | ||
| 008 | 211028s2017 xx 000 0 und d | ||
| 040 | _cAIMIT LIBRARY | ||
| 041 | _aeng | ||
| 100 |
_aShetty, Akshay M;Wright, Rowena. _g1516006 _97585 |
||
| 245 | _aStudy on attitudinal delusion among campco consumers / | ||
| 260 |
_aMangalore _bDr Rowena Wright. _c2017 |
||
| 942 |
_2ddc _cPRO |
||
| 999 |
_c219153 _d219153 |
||